Countries closest to Berlin,Germany - Statistics

General Stats
  • This quiz has been taken 16 times
  • The average score is 19 of 20
Answer Stats
Continent Country Distance
(MI/KM)
% Correct
Europe Austria 324 MI522 KM
100%
Europe Belgium 404 MI651 KM
100%
Europe Czechia 174 MI280 KM
100%
Europe Denmark 221 MI356 KM
100%
Europe France 547 MI880 KM
100%
Europe Hungary 428 MI689 KM
100%
Europe Liechtenstein 410 MI659 KM
100%
Europe Luxembourg 375 MI603 KM
100%
Europe Netherlands 359 MI578 KM
100%
Europe Poland 322 MI518 KM
100%
Europe Slovakia 343 MI553 KM
100%
Europe Slovenia 449 MI723 KM
100%
Europe Sweden 504 MI812 KM
100%
Europe Switzerland 468 MI753 KM
100%
Europe United Kingdom 580 MI935 KM
100%
Europe Croatia 478 MI769 KM
93%
Europe Lithuania 510 MI821 KM
93%
Europe Serbia 621 MI1,000 KM
87%
Europe Monaco 666 MI1,072 KM
73%
Europe San Marino 594 MI956 KM
73%
No matching quizzes found
Score Distribution
Percent of People with Each Score
Percentile by Number Answered
Your Score History
You have not taken this quiz